000 00468nam a22001817a 4500
003 OSt
005 20180928182825.0
008 180928b xxu||||| |||| 00| 0 eng d
020 _a1582120331
040 _cDNLM
082 _aQV18.2 S56u 2002
100 _aO'sullivan, Teresa
_912687
245 _aUnderstanding Pharmacy Calculations
260 _aWashington; Apha, 2002
300 _ax,309p; ill: 27cm
650 _aPharmacy calculation
_912688
942 _2z
_cSLOAN
999 _c6138
_d6138